Las muñecas de Marcela
Պահպանված է:
| Հիմնական հեղինակ: | |
|---|---|
| Ձևաչափ: | Գիրք |
| Լեզու: | իսպաներեն |
| Հրապարակվել է: |
Madrid
Alcalá
1966
|
| Հրատարակություն: | 1a. ed |
| Շարք: | Colección Aula Magna
|
| Խորագրեր: | |
| Ցուցիչներ: |
Ավելացրեք ցուցիչ
Չկան պիտակներ, Եղեք առաջինը, ով նշում է այս գրառումը!
|
MARC
| LEADER | 00000cam a2200000 a 4500 | ||
|---|---|---|---|
| 001 | UCE2414 | ||
| 003 | CL-VaPUC | ||
| 008 | 140703e19660000sp |||||||||||||||||spa|d | ||
| 082 | 0 | 4 | |a 862 |b CUB |2 21 |
| 100 | 0 | |a Cubillo de Aragón, Alvaro |e author |9 574873 | |
| 245 | 1 | 4 | |a Las muñecas de Marcela |
| 250 | |a 1a. ed | ||
| 300 | |a 230 p | ||
| 942 | |c BK | ||
| 945 | |d 20140703 14:09:00 |a dcastane | ||
| 260 | |a Madrid |b Alcalá |c 1966 | ||
| 650 | 0 | |a Teatro español |9 265077 | |
| 650 | 0 | |a Dramas españoles |9 267081 | |
| 583 | |a last modification |c 20140703 14:09:00 |k Rodrigo Vera | ||
| 490 | 0 | |a Colección Aula Magna | |
| 999 | |c 356015 |d 356013 | ||
| 952 | |0 0 |1 0 |3 erb |4 0 |6 862_000000000000000_CUB_1966 |7 0 |8 A |9 463088 |a BIBEDU |b BIBEDU |i 504796K |o 862 CUB 1966 |p 504796K |r 2019-11-23 |w 2019-11-23 |y BK |z Catalogado en:20140703 |k LIT | ||